000 00727 a2200193 4500
003 NUST
005 20251217124954.0
040 _cNust
082 _a621.382,SID
100 _aSiddiqui, Abid, Asra (TE-47)
_9132378
245 _aWear A Mouse /
_cAsra Abid Siddiqui, Noor ul Ain Ali, Memoona Tahira and Maham Liaqat
260 _aRawalpindi
_bMCS (NUST)
_cJune-2014
300 _axii,67 p.;
505 _aIntroduction (Page-1), Literature Review (Page-5), Design and Development (Page-11), Analysis and Evaluation (Page-25), Future Work (Page-33), Conclusion (Page-36).
650 _aUG Project
_9131132
651 _aUG EE Project
_9131571
700 _aSupervised by Lt Col Dr. Adnan Ahmed Khan
_9132379
942 _cPR
_2ddc
999 _c212167
_d212167